| 000 | 00409nam a2200157Ia 4500 | ||
|---|---|---|---|
| 008 | 230917s9999||||xx |||||||||||||| ||und|| | ||
| 040 |
_e113115 _aMAIN |
||
| 041 | _aEnglish | ||
| 082 | _a005.1 K13M | ||
| 100 | _aKan , Stephen H. | ||
| 245 | 0 | _aMetrics and models in software quality engineering | |
| 250 | _a2nd ed. | ||
| 260 |
_aNew Delhi _bPearson Education _c2007 |
||
| 300 | _a528p. p. | ||
| 942 | _cBK | ||
| 999 |
_c136575 _d136575 |
||